Quizzes
Events
Quiz Creation
Community
Videos
Private Events
Remove Ads
Sign In
Join for FREE
Feedback
Dark Mode
Quiz Categories
Sports
Geography
Music
Movies
Television
Just For Fun
Miscellaneous
History
Literature
Language
Science
Gaming
Entertainment
Religion
Holiday
For Kids
Quiz Lab
Recent
Popular Today
Quiz Kudos Today
Editor Picks
Curator Picks
Quizzes by...
Day
Popularity
Type
Ratings
Length
Year
Community
Subscriptions
Recent Discussions
Orange Saloon
Badges
Playlists
Quests
Create
Leaderboards
Showdown
Live 5
Trivia Bingo
Activity
Puzzle Library
Sporcle Events
Private Events
Virtual Trivia
Globe League
Become a Host
Pub Owners
SporcleCon
Opinionation
Our Games
Videos
Blog
Mobile Apps
Partnerships
Remove Ads and Go Orange
Feedback
Sports
Athletes
MLB
NBA
NHL
NFL
Soccer
Sports Teams
WWE
NCAA
Football
Premier League
Basketball
Baseball
Hockey
Golf
Tennis
Cricket
Rugby
Auto Racing
Olympics
World Cup
Sports
Athletes
MLB
NBA
NHL
NFL
Soccer
Sports Teams
WWE
NCAA
Football
Premier League
Basketball
Baseball
Hockey
Golf
Tennis
Cricket
Rugby
Auto Racing
Olympics
World Cup
Random Quiz
Search Sporcle
×
Quiz Lab
Quiz Lab
Sports
Basketball
Type in answers that appear in a list
Type in answers that appear in a list
Classic
Best Score? Go Orange.
2009-10 NBA Daily Game Score Leaders Stats
Can you name the 2009-10 NBA Daily Game Score Leaders?
By
seife2
8m
164 Questions
289 Plays
289 Plays
289 Plays
Comments
Comments
Give Quiz Kudos
Give Quiz Kudos
-
- Ratings
hide this ad
More Info
Replay
Link that replays current quiz
Next Quiz
Link to next quiz in quiz playlist
You Got
0%
They Got
Avg Score
85%
Avg Friend Score
Upgrade to see
Score Distribution
Jump to the score distribution portion of the page
Score
0/164
Timer
08:00
0
Plays Today
Date
Player
% Correct
10-
27-
09
LeBron James
99.7%
11-
11-
09
LeBron James
99.7%
11-
12-
09
LeBron James
99.7%
11-
20-
09
LeBron James
99.7%
11-
21-
09
LeBron James
99.7%
12-
11-
09
LeBron James
99.7%
12-
13-
09
LeBron James
99.7%
12-
27-
09
LeBron James
99.7%
12-
30-
09
LeBron James
99.7%
1-
3-
10
LeBron James
99.7%
1-
10-
10
LeBron James
99.7%
1-
11-
10
LeBron James
99.7%
1-
14-
10
LeBron James
99.7%
1-
19-
10
LeBron James
99.7%
1-
21-
10
LeBron James
99.7%
1-
23-
10
LeBron James
99.7%
2-
4-
10
LeBron James
99.7%
2-
6-
10
LeBron James
99.7%
2-
11-
10
LeBron James
99.7%
2-
18-
10
LeBron James
99.7%
2-
26-
10
LeBron James
99.7%
3-
5-
10
LeBron James
99.7%
3-
16-
10
Pau Gasol, LeBron James
99.7%
3-
24-
10
LeBron James
99.7%
3-
28-
10
LeBron James
99.7%
11-
3-
09
Dirk Nowitzki
98.6%
11-
10-
09
Dwyane Wade
98.6%
11-
16-
09
Dirk Nowitzki
98.6%
11-
18-
09
Dirk Nowitzki
98.6%
12-
6-
09
Dwyane Wade
98.6%
12-
16-
09
Dirk Nowitzki
98.6%
12-
17-
09
Dwyane Wade
98.6%
1-
4-
10
Andre Miller, Dwyane Wade
98.6%
1-
6-
10
Dwyane Wade
98.6%
1-
13-
10
Dwyane Wade
98.6%
1-
15-
10
Dwyane Wade
98.6%
2-
28-
10
Dirk Nowitzki
98.6%
3-
2-
10
Dwyane Wade
98.6%
3-
6-
10
Dwyane Wade
98.6%
3-
10-
10
Dwyane Wade
98.6%
3-
14-
10
Dwyane Wade
98.6%
3-
18-
10
Dwyane Wade
98.6%
3-
29-
10
Dirk Nowitzki
98.6%
4-
2-
10
Dwyane Wade
98.6%
4-
10-
10
Dirk Nowitzki
98.6%
10-
29-
09
Carmelo Anthony
98.3%
11-
1-
09
Carmelo Anthony
98.3%
11-
27-
09
Carmelo Anthony
98.3%
3-
12-
10
Kevin Durant, Jeff Green
98.3%
3-
15-
10
Carmelo Anthony
98.3%
10-
28-
09
Deron Williams
97.9%
11-
4-
09
Chris Paul
97.9%
11-
6-
09
Chris Paul
97.9%
11-
8-
09
Kevin Durant
97.9%
11-
15-
09
Kevin Durant
97.9%
Date
Player
% Correct
11-
28-
09
Deron Williams
97.9%
12-
2-
09
Kevin Durant
97.9%
12-
10-
09
Deron Williams
97.9%
12-
14-
09
Deron Williams
97.9%
12-
28-
09
Kevin Durant
97.9%
1-
9-
10
Kevin Durant
97.9%
1-
25-
10
Chris Paul
97.9%
1-
27-
10
Chris Paul
97.9%
1-
31-
10
Kevin Durant
97.9%
3-
9-
10
Deron Williams
97.9%
3-
22-
10
Kevin Durant
97.9%
3-
31-
10
Kevin Durant
97.9%
4-
6-
10
Deron Williams
97.9%
4-
9-
10
Deron Williams
97.9%
4-
11-
10
Kevin Durant
97.9%
11-
17-
09
Kobe Bryant
97.6%
11-
24-
09
Kobe Bryant
97.6%
12-
29-
09
Kobe Bryant
97.6%
1-
24-
10
Kobe Bryant
97.6%
2-
1-
10
Kobe Bryant
97.6%
2-
23-
10
Kobe Bryant
97.6%
4-
8-
10
Mo Williams
97.6%
10-
30-
09
Chris Bosh
97.2%
12-
4-
09
Chris Bosh
97.2%
12-
5-
09
Chris Bosh
97.2%
1-
20-
10
Chris Bosh
97.2%
2-
2-
10
Chris Bosh
97.2%
2-
7-
10
Chris Bosh
97.2%
4-
4-
10
Chris Bosh
97.2%
12-
15-
09
Tim Duncan
95.2%
12-
31-
09
Tim Duncan
95.2%
11-
19-
09
Pau Gasol
94.5%
11-
29-
09
Marc Gasol
94.5%
10-
31-
09
Brandon Roy
93.1%
12-
25-
09
Brandon Roy
93.1%
1-
2-
10
Brandon Roy
93.1%
1-
8-
10
Brandon Roy
93.1%
3-
11-
10
Brandon Roy
93.1%
2-
20-
10
Danny Granger
92.7%
3-
26-
10
Danny Granger
92.7%
2-
19-
10
David West
92%
3-
17-
10
David West
92%
11-
7-
09
Josh Smith
91.3%
12-
8-
09
Zach Randolph
91.3%
12-
20-
09
Zach Randolph
91.3%
12-
22-
09
Zach Randolph
91.3%
12-
26-
09
Steve Nash
91.3%
3-
3-
10
Amare Stoudemire
91.3%
3-
4-
10
Zach Randolph
91.3%
3-
19-
10
Amare Stoudemire
91.3%
12-
23-
09
J.R. Smith
91%
3-
25-
10
Craig Smith
91%
11-
5-
09
Carlos Boozer
90.7%
11-
26-
09
Carlos Boozer
90.7%
2-
9-
10
Carlos Boozer
90.7%
Date
Player
% Correct
2-
24-
10
Carlos Boozer
90.7%
11-
22-
09
Paul Pierce
89.6%
11-
9-
09
Manu Ginobili
88.6%
12-
1-
09
Ray Allen
88.6%
1-
22-
10
Derrick Rose
86.9%
4-
13-
10
Derrick Rose
86.9%
11-
25-
09
Monta Ellis
86.2%
11-
30-
09
Monta Ellis
86.2%
2-
3-
10
Monta Ellis
86.2%
2-
17-
10
Dwight Howard
84.4%
12-
7-
09
Chauncey Billups
83.4%
1-
17-
10
Chauncey Billups
83.4%
2-
5-
10
Chauncey Billups
83.4%
2-
10-
10
Stephen Curry
83.4%
2-
25-
10
Chauncey Billups
83.4%
4-
7-
10
Stephen Curry
83.4%
4-
14-
10
Stephen Curry
83.4%
11-
2-
09
Kevin Martin
82.4%
11-
14-
09
Brandon Jennings
81.7%
1-
28-
10
David Lee
81.3%
3-
21-
10
David Lee
81.3%
2-
22-
10
Gerald Wallace
79.2%
4-
3-
10
Andre Iguodala
78.2%
12-
18-
09
Gilbert Arenas
76.5%
12-
21-
09
Andrew Bogut
76.5%
1-
26-
10
Andrew Bogut
76.5%
2-
21-
10
O.J. Mayo
74%
1-
30-
10
Andre Miller
73.7%
1-
12-
10
Stephen Jackson
73.4%
1-
16-
10
Stephen Jackson
73.4%
1-
18-
10
Tyreke Evans
72.3%
2-
8-
10
Al Jefferson
69.6%
3-
1-
10
Aaron Brooks
67.8%
3-
13-
10
Luis Scola
62.6%
2-
8-
10
Vince Carter
59.2%
12-
9-
09
Jamal Crawford
56.7%
4-
1-
10
Nene Hilario
51.6%
1-
7-
10
Wilson Chandler
49.8%
1-
29-
10
Paul Millsap
47.1%
3-
20-
10
Paul Millsap
47.1%
4-
12-
10
Marcus Camby
46.4%
1-
5-
10
Corey Maggette
39.4%
3-
7-
10
Thaddeus Young
36.7%
2-
27-
10
Nicolas Batum
34.3%
1-
1-
10
Nate Robinson
31.5%
3-
30-
10
Andray Blatche
27.3%
12-
12-
09
Troy Murphy
25.3%
11-
13-
09
Trevor Ariza
24.2%
12-
19-
09
Trevor Ariza
24.2%
11-
23-
09
Al Thornton
21.1%
3-
27-
10
Rodrigue Beaubois
9.7%
2-
16-
10
Martell Webster
8%
3-
23-
10
Drew Gooden
4.5%
12-
3-
09
Vladimir Radmanovic
2.1%
Quiz Playlist
Details
Report
Send in Message
Add To Playlist
More Info:
the formula is PTS + 0.4 * FG - 0.7 * FGA - 0.4*(FTA - FT) + 0.7 * ORB + 0.3 * DRB + STL + 0.7 * AST + 0.7 * BLK - 0.4 * PF - TOV
Classic:
Type in answers that appear in a list
Quiz Source
Last Updated: Feb 16, 2017
Quiz Scoreboard
CHALLENGE
Sign Up to Join the Scoreboard
Show All
Scores
Hide
Comments
May contain spoilers
Recently Published
Alphabetical 'K' Countries by Flag Minefield
by ylime102
Geography
3m
Pick 6: Fruits
by JohnFran
Miscellaneous
15s
Click the 1999 NBA Draft
by nibperrychub
Sports
2m
More to Explore
Quiz From the Vault
Featured Blog Post
15 Basketball Trivia Facts You Can Be March Mad About
hide this ad
You Might Also Like...
Tags
Basketball Quiz
Board Games Quiz
NBA Quiz
2009-2010
Daily
date
Player
score
team
Today's Top Quizzes in Sports
Browse Sports
hide this ad
Today's Top Quizzes in Basketball
Browse Basketball
Top Contributed Quizzes in Sports
1
Don't Strike Out: 3000 Strikeouts
2
MLB 2 truths and a lie: Hall of Fame pitchers
3
MLB Players with Two .350 Batting Average Seasons
4
Last 10 Members of the 500 HR Club in Order
5
Criteria MLB: Left Handed Sluggers
6
One Time Final Four Teams
7
Millionaire: NBA Finals Edition
8
MLB Teams by First Game
9
Pitchers With Multiple No-Hitters
10
Pick 6: NFL Teams
Explore More
Trending Topics
Crossword
Harry Potter
Anime
Kpop
Disney
NBA
Marvel
Song
Soccer
Puzzle
The Office
Country
NFL
Pokémon
WWE
hide this ad
More By:
seife2
Quiz
Plays
Rating
Category
Featured
Created
MLB Five 150+ Hits Teammates (2000s)
2,444
4.55
Sports
Feb 20, 2011
the most home runs by three teammates
1,257
3.78
Sports
Sep 1, 2010
10 Longest Sports Contracts
1,127
3.67
Sports
Dec 18, 2010
NCAAF/ NFL chain game
1,106
1.60
Sports
Jan 16, 2011
team leaders in BA, HR, RBI, OBP, Hits
676
3.36
Sports
Sep 1, 2010
Go to Creator's Profile
Score Distribution
Quiz Creator Spotlight
seife2
Follow
Send a Message
Quizzes Created
-
Created Quiz Play Count
-
More By This Creator
Popular Quizzes Today
1
Find the US States - No Outlines Minefield
2
Countries of Asia Without Outlines Minefield
3
Pick 6: Fruits
4
Alphabetical 'K' Countries by Flag Minefield
5
The Countries of the World
6
Click the 1999 NBA Draft
7
Find the US States
8
Match the Book to the Film X
More Sports Quizzes
⚽ Champions Crests: Lithuania
Quiz Lab
Trending Quizzes
Pick 6: Harry Potter
Pick 6: Mountains
Pick 6: NFL Teams
Pick 6: Golfers
Pick 6: Movie Franchises
Recently Updated
Women's Final Four Teams by Year
bhenderson79
Presidents Quartet II
eogle
Anything But Clue(do)
eogle
Anything But Oceanian Capitals
eogle
Anything But 7
eogle
Anything But Thing
eogle
Word Ladder: February 29
pecheneg
Song Title Questions
pecheneg
Women's NCAA Tournament #1 Seeds
pecheneg
Celebrity Mug Shots
pecheneg
Trending Topics
Disney
Harry Potter
Anime
Crossword
Kpop
NBA
Marvel
Pokémon
NFL
Puzzle
Country
Soccer
Song
The Office
WWE
Your Account Isn't Verified!
In order to create a playlist on Sporcle, you need to verify the email address you used during registration. Go to your
Sporcle Settings
to finish the process.
Report this User
Report this user for behavior that violates our
Community Guidelines
.
Details:
Send Report
Go to the Sporcle.com Mobile Site →
Comments